Normal view
MARC view
- Laski, Harold .J
Entry Personal Name
001 - CONTROL NUMBER
- control field: 66476
003 - CONTROL NUMBER IDENTIFIER
- control field: NUST
005 - DATE AND TIME OF LATEST TRANSACTION
- control field: 20210628203610.0
008 - FIXED-LENGTH DATA ELEMENTS
- fixed length control field: 210628|| aca||aabn | a|a d
040 ## - CATALOGING SOURCE
- Original cataloging agency: NUST
- Transcribing agency: NUST
100 ## - HEADING--PERSONAL NAME
- Personal name: Laski, Harold .J
670 ## - SOURCE DATA FOUND
- Source citation: Work cat.: (NUST): Laski, Harold .J, The american presidency, an interpretation, 2007
